000 00521nam a2200217Ia 4500
001 12135
003 GE_BSU
008 181216s||||||||xx |||||||||||||| ||und||
020 _a9780230229600
040 _cGE_BSU
100 _aBerridge,G.R.
245 _aDiplomacy.Theory and Practice.
245 _bFourth Edition.
260 _aNew York.
260 _bPalgrave macmillan.
260 _c2010
300 _a282p.22cm.
541 _h72ლ.
653 _aDiplomacy.Theory and Practice.Fourth Edition.
942 _cBK
999 _c45311
_d45311